Ты кем себя воображаешь?: рассказы; пер. с англ.

Opis bibliograficzny
1. autor: Манро Э. Элис
Streszczenie:Вот уже тридцать лет Элис Манро называют лучшим в мире автором коротких рассказов, но к российскому читателю ее книги приходят только теперь, после того, как писательница получила Нобелевскую премию по литературе. Критика постоянно сравнивает Манро с Чеховым, и это сравнение не лишено оснований: подобно русскому писателю, она умеет рассказать историю так, что читатели, даже принадлежащие к совсем другой культуре, узнают в героях са­мих себя. Сборник «Ты кем себя воображаешь?» — удостоенный ка­надской Премии генерал-губернатора и вошедший в шорт-лист Буке-ровской премии — по сути является романом в эпизодах. Истории о Фло и ее приемной дочери Розе — пытающейся подняться над жиз­ненными обстоятельствами, окончить университет, сделать карьеру, найти счастье, наконец, — изложены с фирменной психологической точностью, а внезапные повороты сюжета придают повествованию волшебный привкус тайны.
Język:rosyjski
Wydane: Санкт-Петербург, Азбука, 2015
Seria:Азбука Premium
Hasła przedmiotowe:
Format: Książka
KOHA link:https://koha.lib.tpu.ru/cgi-bin/koha/opac-detail.pl?biblionumber=295884

MARC

LEADER 00000nam0a2200000 4500
001 295884
005 20231102000843.0
010 |a 9785389081970 
035 |a (RuTPU)RU\TPU\book\320975 
090 |a 295884 
100 |a 20150526d2015 m y0rusy50 ca 
101 1 |a rus  |c eng 
102 |a RU 
105 |a y z 000ay 
200 1 |a Ты кем себя воображаешь?  |e рассказы  |e пер. с англ.  |f Э. Манро 
210 |a Санкт-Петербург  |c Азбука  |d 2015 
215 |a 287 с. 
225 1 |a Азбука Premium 
330 |a Вот уже тридцать лет Элис Манро называют лучшим в мире автором коротких рассказов, но к российскому читателю ее книги приходят только теперь, после того, как писательница получила Нобелевскую премию по литературе. Критика постоянно сравнивает Манро с Чеховым, и это сравнение не лишено оснований: подобно русскому писателю, она умеет рассказать историю так, что читатели, даже принадлежащие к совсем другой культуре, узнают в героях са­мих себя. Сборник «Ты кем себя воображаешь?» — удостоенный ка­надской Премии генерал-губернатора и вошедший в шорт-лист Буке-ровской премии — по сути является романом в эпизодах. Истории о Фло и ее приемной дочери Розе — пытающейся подняться над жиз­ненными обстоятельствами, окончить университет, сделать карьеру, найти счастье, наконец, — изложены с фирменной психологической точностью, а внезапные повороты сюжета придают повествованию волшебный привкус тайны. 
606 1 |a Американская литература (англо-язычная литература)  |2 stltpush  |3 (RuTPU)RU\TPU\subj\28887  |9 52349 
610 1 |a психологическая проза 
610 1 |a рассказы 
610 1 |a Нобелевская премия 
675 |a 82  |v 4 
700 1 |a Манро  |b Э.  |g Элис 
801 1 |a RU  |b 63413507  |c 20150526 
801 2 |a RU  |b 63413507  |c 20150901  |g RCR 
942 |c BK 
959 |a 78/20150526  |d 1  |e 248,00  |f ХФ:1